000 00586nam a22002051 4500
001 Mimo0000783443
003 OSt
005 20160406093636.0
008 900725s1971 sp spa
040 _cBMC
082 _a820
100 1 0 _981
_aDickens, Charles
_d1812-1870
245 1 3 _aEl grillo del hogar
_cCarlos Dickens; [traducción del inglés por Manuel Ortega y Gasset]
250 _a6ª ed
260 0 _aMadrid
_bEspasa-Calpe
_c1971
300 _a149 p.
_c18 cm
490 0 _aAustral
_v13
700 _910
_aOrtega y Gasset, José
_d1883-1955
942 _2ddc
_cBK
_hprozim
999 _c42
_d42